书目信息 |
| 题名: |
体育教学与体能训练
|
|
| 作者: | 郭庆凯 , 秦宇阳 , 史友国 著 | |
| 分册: | ||
| 出版信息: | 北京 中国纺织出版社 2019.5 |
|
| 页数: | 245页 | |
| 开本: | 26cm | |
| 丛书名: | ||
| 单 册: | ||
| 中图分类: | G807.01 , G808.14 | |
| 科图分类: | ||
| 主题词: | 体育教学--教学研究 , 体能--身体训练--研究 | |
| 电子资源: | ||
| ISBN: | 978-7-5180-5045-1 | |
| 000 | 01250nam0 2200301 45 | |
| 001 | 012001001498 | |
| 005 | 20130912142653.0 | |
| 010 | @a978-7-5180-5045-1@dCNY72.00 | |
| 099 | @aCAL 012019055267 | |
| 100 | @a20190428d2019 em y0chiy0110 ea | |
| 101 | 0 | @achi |
| 102 | @aCN@b110000 | |
| 105 | @ay a 000yy | |
| 106 | @ar | |
| 200 | 1 | @a体育教学与体能训练@Ati yu jiao xue yu ti neng xun lian@f郭庆凯, 秦宇阳, 史友国著 |
| 210 | @a北京@c中国纺织出版社@d2019.5 | |
| 215 | @a245页@d26cm | |
| 320 | @a有书目 | |
| 330 | @a体育教学与体能训练最终目的是要建立起学生的终身锻炼思想。本书对新形势下的体育教师提出的新的要求作出解读,通过对体育教学内容的完善促使学生掌握基本的运动技能并增强体质、促进学生运动水平的提高、培养学生的运动兴趣和身心健康、心理素质健康发展、正确的价值观导向、审美情趣以及兴趣爱好的取向、社会实践活动的穿插、具备一定的社会适应能力。本书内容结合实际,深入浅出,编排通俗易懂,非常适合一线体育教育工作者参考阅读。 | |
| 606 | 0 | @a体育教学@x教学研究 |
| 606 | 0 | @a体能@x身体训练@x研究 |
| 690 | @aG807.01@v5 | |
| 690 | @aG808.14@v5 | |
| 701 | 0 | @a郭庆凯@Aguo qing kai@4著 |
| 701 | 0 | @a秦宇阳@Aqin yu yang@4著 |
| 701 | 0 | @a史友国@Ashi you guo@4著 |
| 801 | @aCN@b江苏凤凰@c20211018 | |
| 905 | @b1343734-6@dG807.01@e885@f3 | |
| 体育教学与体能训练/郭庆凯, 秦宇阳, 史友国著.-北京:中国纺织出版社,2019.5 |
| 245页;26cm |
| ISBN 978-7-5180-5045-1:CNY72.00 |
| 体育教学与体能训练最终目的是要建立起学生的终身锻炼思想。本书对新形势下的体育教师提出的新的要求作出解读,通过对体育教学内容的完善促使学生掌握基本的运动技能并增强体质、促进学生运动水平的提高、培养学生的运动兴趣和身心健康、心理素质健康发展、正确的价值观导向、审美情趣以及兴趣爱好的取向、社会实践活动的穿插、具备一定的社会适应能力。本书内容结合实际,深入浅出,编排通俗易懂,非常适合一线体育教育工作者参考阅读。 |
| ● |
| 相关链接 |
|
|
|
|
正题名:体育教学与体能训练
索取号:G807.01/885
 
预约/预借
| 序号 | 登录号 | 条形码 | 馆藏地/架位号 | 状态 | 备注 |
| 1 | 1343734 | 213437342 | 第一样本阅览室/ [索取号:G807.01/885] | 在馆 | |
| 2 | 1343735 | 213437351 | 第四借阅区/ [索取号:G807.01/885] | 在馆 | |
| 3 | 1343736 | 213437360 | 第四借阅区/ [索取号:G807.01/885] | 在馆 |